000 03321njm0a2200421 4500
001 RU\NLR\ONIZ\265703
005 20250708193348.0
035 _a(NLR Aleph) 012750919
071 0 0 _aСМ-02993-94
090 _a13284445
_c13284445
100 _a20220328d1982 |||y0rusy50 ca
102 _aRU
126 _aabbxexu ux
_bxxx
127 _a000048
200 1 _a[Скрипичные концерты]
_bЗвукозапись
_fА. Вивальди
203 _aМузыка
_bисполнительская
_cаудио
210 _aМосква
_cМелодия
_gЗавод грампластинок
_eЛенинград
_d1982
215 _a1 грп. [ГОСТ 5289-80] (48 мин) : 33 об/мин, стерео
_d30 см, в конв
327 1 _a1. Концерт для скрипки с оркестром соль минор : соч. 12 № 1 ;
_a2. Концерт для скрипки с оркестром ре минор : соч. 4 № 8 ;
_a3. Концерт для скрипки с оркестром Соль мажор : соч. 4 № 3 ;
_a4. Концерт для трёх скрипок с оркестром Фа мажор : соч. 23 № 1 / исполняют : Павел Коган (2, 4), Елизавета Гилельс (3, 4), Леонид Коган (1, 4), Ансамбль солистов Большого симфонического оркестра Всесоюзного радио
464 0 _12001#$aКонцерт для скрипки с оркестром соль минор$eсоч. 12 № 1
_tКонцерт для скрипки с оркестром соль минор
464 0 _12001#$aКонцерт для скрипки с оркестром ре минор$eсоч. 4 № 8
_tКонцерт для скрипки с оркестром ре минор
464 0 _12001#$aКонцерт для скрипки с оркестром Соль мажор$eсоч. 4 № 3
_tКонцерт для скрипки с оркестром Соль мажор
464 0 _12001#$aКонцерт для трёх скрипок с оркестром Фа мажор$eсоч. 23 № 1$gисполняют : Павел Коган (2, 4), Елизавета Гилельс (3, 4), Леонид Коган (1, 4), Ансамбль солистов Большого симфонического оркестра Всесоюзного радио
_tКонцерт для трёх скрипок с оркестром Фа мажор
606 1 _aКонцерты для скрипки и камерного оркестра
_yИталия
_z17-18 вв.
_jЗвукозапись
_2nlr_sh
606 1 _aКонцерты для трёх скрипок
_yИталия
_z17-18 вв.
_jЗвукозапись
_2nlr_sh
606 1 _aСкрипачи советские российские
_z20-21 вв.
_jЗвукозапись
_2nlr_sh
686 0 _aЩ955.4-042я44(4Ит)
686 0 _aЩ952.508-042(4Ит)
700 1 _9z01790
_aВивальди
_bА.
_f1669-1741
_gАнтонио
_4230
_7ca
790 1 _9z01700
_aVivaldi
_bA.
_f1669-1741
_gAntonio
_4230
_7ba
801 0 _aRU
_bNLR
_c20220328
_gPSBO
801 1 _aRU
_bNLR
_c20220328
_2rusmarc
801 2 _aRU
_bNLR
_c20220330
852 _aNLR
_bМг
_j3/8160
_p38231
_t1
942 _cREC
980 _aNB
980 _aONIZ